| 000 | 01184cam a2200217 4500 | ||
|---|---|---|---|
| 001 | WB3935-03 | ||
| 008 | 030917n2003 000 0 eng u | ||
| 035 | _a(Sirsi) u123641 | ||
| 245 | _aLondon developers get cold feet | ||
| 260 | _c2003 | ||
| 490 |
_aEstates Gazette _v(0337) 13 September 2003, 34(1) |
||
| 520 | _aThe latest half-yearly survey of developers' intentions by DTZ shows that the lack of tenant demand has forced central London developers to reduce speculative development by 33% from six months ago. This is the fourth consecutive survey to record a drop and is greater than the previous six months' 15%. The survey examined 155 office schemes over 25 000sq ft with a total of 36.4m sq ft across central London, the fringes and Docklands which have planning permission but are not yet under construction. DTZ website http://www.dtzresearch.com/. Table. | ||
| 590 | _aWB | ||
| 650 | _aLONDON | ||
| 650 | _aSPECULATIVE DEVELOPMENT | ||
| 650 | _aOFFICE SPACE | ||
| 650 | _aOFFICE DEVELOPMENT | ||
| 650 | _aPROPERTY-COMMERCIAL PROPERTY-OFFICE PROPERTY-OFFICE PROPERTY MARKET | ||
| 690 | _aPROPERTY-COMMERCIAL PROPERTY-COMMERCIAL PROPERTY MARKET | ||
| 942 | _n0 | ||
| 999 |
_c73421 _d73421 |
||